Country per ICAO Code - Asia - Statistics

General Stats
  • This quiz has been taken 7 times
  • The average score is 21 of 53
Answer Stats
Hint Answer % Correct
Z (except ZK and ZM) China
83%
RJ Japan
83%
WS Singapore
83%
RK South Korea
83%
OK Kuwait
67%
WM Malaysia
67%
VT Thailand
67%
OM United Arab Emirates
67%
UB Azerbaijan
50%
WB Brunei, Malaysia
50%
VH China (Hong Kong)
50%
VI India
50%
WI Indonesia
50%
WR Indonesia
50%
OI Iran
50%
LL Israel
50%
OL Lebanon
50%
ZM Mongolia
50%
VY Myanmar
50%
ZK North Korea
50%
OP Pakistan
50%
RP Philippines
50%
U Russia
50%
OS Syria
50%
RC Taiwan
50%
OB Bahrain
33%
VG Bangladesh
33%
VQ Bhutan
33%
VD Cambodia
33%
VO India
33%
WA Indonesia
33%
WQ Indonesia
33%
OJ Jordan, West Bank
33%
VR Maldives
33%
OO Oman
33%
OE Saudi Arabia
33%
UT Tajikistan, Turkmenistan, Uzbekistan
33%
VV Vietnam
33%
OY Yemen
33%
OA Afghanistan
17%
UD Armenia
17%
LC Cyprus
17%
UG Georgia
17%
VA India
17%
VE India
17%
OR Iraq
17%
RO Japan (Okinawa)
17%
LV Palestine
17%
OT Qatar
17%
VC Sri Lanka
17%
WP Timor-Leste
17%
UA Kazhakstan
0%
UC Kyrgyzstan
0%
No matching quizzes found
Score Distribution
Percent of People with Each Score
Percentile by Number Answered
Your Score History
You have not taken this quiz